Η ιστορία και ο πολιτισμός της Κίνας

Αποθηκεύτηκε σε:
Λεπτομέρειες βιβλιογραφικής εγγραφής
Κύριος συγγραφέας: Durant, Will, 1885-1981
Άλλοι συγγραφείς: Φραγκιάς, Αντρέας (trl [Μεταφραστής])
Μορφή: Βιβλίο
Γλώσσα:Greek
English
Δημοσίευση: Αθήναι : Εκλεκτές Σελίδες, 1955.
Θέματα:
Ετικέτες: Προσθήκη ετικέτας
Δεν υπάρχουν, Καταχωρήστε ετικέτα πρώτοι!

MARC

LEADER 00000cam a2200000 i 4500
001 1/86820
008 051004s1955 gr | ||| |||| ||gre||
035 |l 10080654 
040 |a GR-MY-UA  |b gre  |e aacr 
041 1 |a gre  |h eng 
082 7 |a 938.75   |2 (22) 
100 1 |a Durant, Will,   |d 1885-1981. 
245 1 2 |a Η ιστορία και ο πολιτισμός της Κίνας /   |c Will Durant ; μεταφραστής: Αντρέας Φραγκιάς.  
260 |a Αθήναι :   |b Εκλεκτές Σελίδες,   |c 1955.  
300 |a 249 σ. :   |b χαρτ. ;   |c 20 εκ.  
500 |a Με: [Διηγήματα του Σταυρογιαννόπουλου Βασίλειου] / Βασίλειος Σταυρογιαννόπουλος. - Ισραήλ / Δημ. Γ. Ζαφειρόπουλος  
504 |a Περιέχει βιβλιογραφικές παραπομπές.  
651 0 |a China  |x History. 
651 0 |a China  |x Civilization  |x History. 
700 1 |a Φραγκιάς, Αντρέας,  |e trl [Μεταφραστής] 
852 |a INST  |b RHODES  |c KRI  |e 20051004  |h  938.75 ΣΤΑ  |p 005400028521  |q 005400028521  |t BK  |y 0 
901 |a BIBL4-2005-3 
909 |a Ρ  |b 122297 
970 |a ΣΙΔΕΡΗ  |b ΝΕΚΤΑΡΙΑ  |z 2005/10/04